Martyr Bhagat Singh: An Intimate View (Record no. 2509)
[ view plain ]
| 000 -LEADER | |
|---|---|
| fixed length control field | 00331nam a2200133Ia 4500 |
| 008 - FIXED-LENGTH DATA ELEMENTS--GENERAL INFORMATION | |
| fixed length control field | 191201s2007 xx 000 0 und d |
| 100 ## - MAIN ENTRY--PERSONAL NAME | |
| Personal name | JOHAR, K L |
| 245 #0 - TITLE STATEMENT | |
| Title | Martyr Bhagat Singh: An Intimate View |
| 250 ## - EDITION STATEMENT | |
| Edition statement | 1st |
| 260 ## - PUBLICATION, DISTRIBUTION, ETC. (IMPRINT) | |
| Place of publication, distribution, etc | Yamunanagar |
| Name of publisher, distributor, etc | Sneh Prakashan |
| Date of publication, distribution, etc | 2007 |
| 300 ## - PHYSICAL DESCRIPTION | |
| Extent | 368 |
| 650 ## - SUBJECT ADDED ENTRY--TOPICAL TERM | |
| Topical term or geographic name as entry element | General Books |
| 942 ## - ADDED ENTRY ELEMENTS (KOHA) | |
| Source of classification or shelving scheme | Dewey Decimal Classification |
| Koha item type | Text Books |
| Withdrawn status | Lost status | Source of classification or shelving scheme | Damaged status | Not for loan | Collection code | Home library | Current library | Shelving location | Date acquired | Source of acquisition | Cost, normal purchase price | Bill Number | Total Checkouts | Full call number | Acc. no. / Barcode | Date last seen | Bill Date | Koha item type | Public note |
|---|---|---|---|---|---|---|---|---|---|---|---|---|---|---|---|---|---|---|---|
| Dewey Decimal Classification | IKS- Indian Knowledge System | PIET C-LIBRARY | PIET C-LIBRARY | Ref. Sec. R02 | 02/01/2007 | Sneh prakashan Yamunanagar | 600.00 | 00247 | 920 JOM | 5290 | 04/12/2019 | 27/12/2006 | Reference Books | Biography | |||||
| Dewey Decimal Classification | IKS- Indian Knowledge System | PIET C-LIBRARY | PIET C-LIBRARY | Ref. Sec. R02 | 02/01/2007 | Sneh prakashan Yamunanagar | 600.00 | 00247 | 920 JOM | 5291 | 04/12/2019 | 27/12/2006 | Reference Books | Biography | |||||
| Dewey Decimal Classification | IKS- Indian Knowledge System | PIET C-LIBRARY | PIET C-LIBRARY | Ref. Sec. R02 | 02/01/2007 | Sneh prakashan Yamunanagar | 600.00 | 00247 | 920 JOM | 5292 | 04/12/2019 | 27/12/2006 | Reference Books | Biography | |||||
| Dewey Decimal Classification | IKS- Indian Knowledge System | PIET C-LIBRARY | PIET C-LIBRARY | Ref. Sec. R02 | 02/01/2007 | Sneh prakashan Yamunanagar | 600.00 | 00247 | 920 JOM | 5293 | 04/12/2019 | 27/12/2006 | Reference Books | Biography | |||||
| Dewey Decimal Classification | IKS- Indian Knowledge System | PIET C-LIBRARY | PIET C-LIBRARY | Ref. Sec. R02 | 02/01/2007 | Sneh prakashan Yamunanagar | 600.00 | 00247 | 920 JOM | 5294 | 04/12/2019 | 27/12/2006 | Text Books | Biography |